000 01042nam a2200289 i 4500
001 17349
003 ES-MaACL
005 20240322141819.0
007 t|
008 010212s2000 sp ||||1| spa d
020 _a84-88015-59-3
080 _a821.134.3-14"19"
100 1 _aSena, Jorge de.
_9105430
245 1 0 _aAntología poética /
_cJorde de Sena ; traducciones y notas preliminares de José Angel Cilleruelo, José Luis Puerto, José Luis García Martín ; prólogo de César Antonio Molina.
250 _a1ª ed.
260 _aMadrid :
_bCalambur,
_c2000.
300 _a191 p. ;
_c21 cm.
490 1 _aLos Solitarios y sus amigos ;
_v5
500 _aTexto bilingüe en castellano y portugués.
700 1 _aCilleruelo, José Ángel,
_d1960-
_938828
700 1 _aPuerto, José Luis.
_994188
700 1 _aGarcía Martín, José Luis.
_954900
700 1 _aMolina, César Antonio.
_981883
830 0 _aLos Solitarios y sus amigos ;
_v5
_9228706
852 _aES-MaACL
_jL-24151
_bR.129221
999 _c17349
_d17349